Perspectivas de la educación en el nuevo milenio /

Se integra con tres componentes: la sociedad del siglo XXI reflexiones sobre la educación en general y sobre la Educación Superior en este siglo Avanzamos hacia una sociedad basada en el conocimiento y el aprendizaje La globalización está dominada por la intensidad del conocimiento y la competitivi...

Celý popis

Uloženo v:
Podrobná bibliografie
Hlavní autor: Tünnermann Bernheim, Carlos
Médium: Text
Témata:
Tagy: Přidat tag
Žádné tagy, Buďte první, kdo vytvoří štítek k tomuto záznamu!

MARC

LEADER 00000 a a2200000 04500
001 18853
003
040
100 |a Tünnermann Bernheim, Carlos  
245 |a Perspectivas de la educación en el nuevo milenio /  |c Carlos Tünnermann Bernheim 
520 |a Se integra con tres componentes: la sociedad del siglo XXI   |a reflexiones sobre la educación en general y sobre la Educación Superior en este siglo Avanzamos hacia una sociedad basada en el conocimiento y el aprendizaje La globalización está dominada por la intensidad del conocimiento y la competitividad lo implica, al igual que la tecnología y el manejo de la información, pero hay pocos globalizadores y muchos globalizados, por lo que las asimetrías y las desigualdades han seguido agravándose América Latina está subeducada y su educación subfinanciada el reto es ingresar en la modernidad, concebida como proyecto de desarrollo humano endógeno y sustentable, sin perder la identidad, ni desconocer los cambios de la mundialización Se necesitan políticas de estado de largo plazo con fundamento en sólidos consensos sociales el Informe Delors reitera las relaciones entre educación, desarrollo, ciencia, cuidadanía, cultura, cohesión social y empleo e identifica como pilares educativos el aprender a saber, a hacer, a ser y a convivir, enmarcándolos en una dimensión etica y cultural, otra científica y tecnológica y otra social y económica Finalmente, en la Eduación Superior para el siglo XXI se han seguido los lineamientos de la Conferencia Mundial reunida en París en Octubre del 98, destacando que en ella se aboga por la conversión de las instituciones de este nivel en centros de educación permanente, lo que implica transformación, cambios y mucha flexibilidad en las prácticas académicas y en la gstión. REV/SCM  
650 |a EDUCACION  
650 |a ENSEÑANZA SUPERIOR  
773 |g volumen 24, número 1 -2; páginas 15-36  
999 |c 38598  |d 38598